Fill the Map of Asia by Guessing Currencies - Statistics

General Stats
  • This quiz has been taken 1,029 times
  • The average score is 29 of 48
Answers on the Map
Answers color-coded by a green-red scale on the quiz's map according to % correct below.
 
Answer Stats
Country % Correct
Japanese Yen
98%
Bhutanese Ngultrum / Indian Rupee
95%
Indian Rupee
95%
Nepalese Rupee
95%
New Taiwan Dollar
95%
Pakistani Rupee
95%
Sri Lankan Rupee
95%
Brunei Dollar
91%
Singapore Dollar
91%
United States Dollar
91%
Chinese Yuan
83%
Turkish Lira
80%
North Korean Won
79%
South Korean Won
79%
Bahraini Dinar
77%
Iraqi Dinar
77%
Jordanian Dinar
77%
Kuwaiti Dinar
77%
Iranian Rial
71%
Omani Rial
71%
Qatari Riyal
71%
Saudi Riyal
71%
Yemeni Rial
71%
Thai Baht
70%
Syrian Pound / Syrian Lira
67%
Cambodian Riel
64%
Euro
64%
Israeli New Shekel
64%
Vietnamese Dong
61%
Philippine Peso
56%
Lebanese Pound
53%
Indonesian Rupiah
51%
United Arab Emirates Dirham
45%
Afghan Afghani
39%
Malaysian Ringgit
35%
Kyrgyzstani Som
27%
Uzbekistani Som
27%
Azerbaijani Manat
24%
Turkmenistani Manat
24%
Bangladeshi Taka
23%
Laotian Kip
22%
Armenian Dram
21%
Georgian Lari
21%
Kazakhstani Tenge
21%
Tajikistani Somoni
18%
Maldivian Rufiyaa
17%
Myanmar Kyat
17%
Mongolian Tugrik
16%
No matching quizzes found
Score Distribution
Percent of People with Each Score
Percentile by Number Answered
Your Score History
You have not taken this quiz